Southville International School and Colleges
Your cart is empty.
  • Cart
  • Lists
    Public lists Eva Luna New books Lux_list list_1
    Your lists Log in to create your own lists
  • Log in to your account
  • Your cookies
  • Search history
Southville International School and Colleges
  • Advanced search
  • Recent comments
  • Most popular
  • Libraries

Log in to your account

Log in with GOOGLE


If you do not have an external account, but do have a local account, you can still log in:

  1. Home
  2. MARC view: 1984 :
Normal view MARC view ISBD view

1984 : (Record no. 7684)

[ view plain ]
MARC details
000 -LEADER
fixed length control field 01011cam a2200337 a 4500
001 - CONTROL NUMBER
control field 3303902
003 - CONTROL NUMBER IDENTIFIER
control field SISC
005 - DATE AND TIME OF LATEST TRANSACTION
control field 20160318084110.0
008 - FIXED-LENGTH DATA ELEMENTS--GENERAL INFORMATION
fixed length control field 840202t19831977nyu b 000 1 eng
010 ## - LIBRARY OF CONGRESS CONTROL NUMBER
LC control number 83165326
020 ## - INTERNATIONAL STANDARD BOOK NUMBER
International Standard Book Number 9780451524935
Terms of availability $5.95
040 ## - CATALOGING SOURCE
Original cataloging agency DLC
Transcribing agency DLC
Modifying agency DLC
050 00 - LIBRARY OF CONGRESS CALL NUMBER
Classification number PR 6029.R8
Item number .Or79 1984
082 00 - DEWEY DECIMAL CLASSIFICATION NUMBER
Classification number CLA Or9n
Item number 1984
100 1# - MAIN ENTRY--PERSONAL NAME
Personal name Orwell, George,
Dates associated with a name 1903-1950.
9 (RLIN) 3305
245 10 - TITLE STATEMENT
Title 1984 :
Remainder of title a novel /
Statement of responsibility, etc George Orwell
260 ## - PUBLICATION, DISTRIBUTION, ETC. (IMPRINT)
Place of publication, distribution, etc New York :
Name of publisher, distributor, etc New American Library,
Date of publication, distribution, etc c1984.
300 ## - PHYSICAL DESCRIPTION
Extent 268 p.
Dimensions 17 cm.
562 ## - COPY AND VERSION IDENTIFICATION NOTE
Number of copies 1
650 ## - SUBJECT ADDED ENTRY--TOPICAL TERM
Topical term or geographic name as entry element International Baccalaureate
9 (RLIN) 127
650 ## - SUBJECT ADDED ENTRY--TOPICAL TERM
Topical term or geographic name as entry element Historical novels
9 (RLIN) 3309
650 ## - SUBJECT ADDED ENTRY--TOPICAL TERM
Topical term or geographic name as entry element Nineteen eighty four. Fiction
9 (RLIN) 3310
650 ## - SUBJECT ADDED ENTRY--TOPICAL TERM
Topical term or geographic name as entry element Negative Utopia. Fiction
9 (RLIN) 3311
655 #7 - INDEX TERM--GENRE/FORM
Genre/form data or focus term Political fiction.
Source of term lcsh
9 (RLIN) 1888
655 #7 - INDEX TERM--GENRE/FORM
Genre/form data or focus term Science fiction.
Source of term gsafd
9 (RLIN) 1889
655 #7 - INDEX TERM--GENRE/FORM
Genre/form data or focus term Dystopias.
Source of term gsafd
9 (RLIN) 1890
740 0# - ADDED ENTRY--UNCONTROLLED RELATED/ANALYTICAL TITLE
Uncontrolled related/analytical title Nineteen eighty-four.
906 ## - LOCAL DATA ELEMENT F, LDF (RLIN)
a 7
b cbc
c orignew
d 2
e ncip
f 19
g y-gencatlg
942 ## - ADDED ENTRY ELEMENTS (KOHA)
Source of classification or shelving scheme Library of Congress Classification
Koha item type Books
Holdings
Withdrawn status Lost status Source of classification or shelving scheme Damaged status Home library Current library Shelving location Date acquired Total Checkouts Full call number Barcode Date last seen Date checked out Copy number Price effective from Koha item type Source of acquisition Total Renewals
    Library of Congress Classification   Luxembourg Library Luxembourg Library Classic Section 07/24/2013 1 PR 6029.R8 .Or79 1984 13543 03/18/2016 01/27/2016 1 07/24/2013 Books    
    Library of Congress Classification   Luxembourg Library Luxembourg Library Teachers Reference Section 05/04/2015 1 PR 6029 .Or79 1977 16686 08/19/2015 05/05/2015   05/04/2015 Books Donation 15

1984 :

APA

Orwell G., . (1984). 1984. New York: New American Library.

Chicago

Orwell George, . 1984. 1984. New York: New American Library.

Harvard

Orwell G., . (1984). 1984. New York: New American Library.

MLA

Orwell George, . 1984. New York: New American Library. 1984.

  • Place hold
  • Print
  • Cite
  • Add to your cart (remove)
  • Save record
    BIBTEX Dublin Core MARCXML MARC (non-Unicode/MARC-8) MARC (Unicode/UTF-8) MARC (Unicode/UTF-8, Standard) MODS (XML) RIS
  • More searches
    Search for this title in:
    Other Libraries (WorldCat) Other Databases (Google Scholar) Online Stores (Bookfinder.com) Open Library (openlibrary.org)

Exporting to Dublin Core...

SOUTHVILLE LIBRARY

Southville International School and Colleges Library

1281 Tropical Ave. Cor. Luxembourg St., BF Homes International, Las Pinas City

Tel. No. 8256374 / 252358 Loc. 117/146

Powered by Koha